00534nam a2200193Ia 4500008004100000020002100041041000800062082002000070100001700090245005500107260004900162300000800211365001200219650001400231650002200245650002500267650002100292700002700313140306s9999 xx 000 0 und d a81 7141 129 0 aeng a338 .13bUMA/PR aAnbumozhi, K aPrice behaviour of Indian agricultural commodities aNew DelhibDiscovery Publishing Housec 1991 a131 bRs .150 aMiddleman arural development aseasonal commodities atraining farmers aUma Shanker Patnaik, K